[Event "Frauen Europameisterschaft"]
[Site "Dresden"]
[Date "2004.03.24"]
[Round "4.1"]
[White "Peng, Z."]
[Black "Sedina, E."]
[Result "1-0"]
[WhiteElo "2419"]
[BlackElo "2393"]
[PlyCount "85"]
[EventDate "2004.03.20"]

1. d4 Nf6 2. Nf3 d5 3. c4 c6 4. Nc3 dxc4 5. a4 Bf5 6. Ne5 e6 7. f3 Bb4 8. e4
Bxe4 9. fxe4 Nxe4 10. Bd2 Qxd4 11. Nxe4 Qxe4+ 12. Qe2 Bxd2+ 13. Kxd2 Qd5+ 14.
Kc2 Na6 15. Nxc4 O-O 16. Qf3 Qc5 17. Kb1 Rad8 18. Be2 Nb4 19. Rc1 Rd4 20. Ra3
Qg5 21. Qf2 Rf4 22. Rf3 Rg4 23. g3 c5 24. Qe3 Qg6+ 25. Bd3 Nxd3 26. Qxd3 Qg5
27. Qd7 Qg6+ 28. Ka2 Qe4 29. Ra3 Qe2 30. Rac3 Qe4 31. a5 h5 32. Rb3 Qe2 33. Qd2
Qxd2 34. Nxd2 Rd8 35. Nc4 Rdd4 36. Ne5 Ra4+ 37. Ra3 Rge4 38. Rxc5 f6 39. Ng6
Rxa3+ 40. Kxa3 Kf7 41. Nf4 e5 42. Rc7+ Kg8 43. Nxh5 1-0

[Event "Frauen Europameisterschaft"]
[Site "Dresden"]
[Date "2004.03.24"]
[Round "4.3"]
[White "Bojkovic, N."]
[Black "Lomineishvili, M."]
[Result "1/2-1/2"]
[WhiteElo "2391"]
[BlackElo "2397"]
[PlyCount "158"]
[EventDate "2004.03.20"]

1. e4 c5 2. Nf3 Nc6 3. d4 cxd4 4. Nxd4 Nf6 5. Nc3 e5 6. Ndb5 d6 7. Bg5 a6 8.
Na3 b5 9. Bxf6 gxf6 10. Nd5 f5 11. Bd3 Be6 12. c3 Bxd5 13. exd5 Ne7 14. Nxb5
Bg7 15. Na3 O-O 16. O-O e4 17. Bc2 Ng6 18. Nc4 Rc8 19. Ne3 Qg5 20. f4 Nxf4 21.
Kh1 Rc5 22. g3 Nd3 23. Bxd3 Qxe3 24. Bxa6 Rb8 25. Rb1 Ra8 26. Be2 Rxa2 27. Bh5
Rb5 28. Bxf7+ Kh8 29. Be6 Rbxb2 30. Rxb2 Rxb2 31. Qh5 Qh6 32. Qe8+ Bf8 33. h4
Rc2 34. Bxf5 Rc1 35. Rxc1 Qxc1+ 36. Kg2 Kg7 37. Qd7+ Kf6 38. Qe6+ Kg7 39. Bxe4
Qxc3 40. Qd7+ Kf6 41. Qf5+ Ke7 42. Qxh7+ Bg7 43. Qf5 Be5 44. Bf3 Qd2+ 45. Kh3
Qf2 46. Qg5+ Bf6 47. Qg4 Be5 48. Bg2 Qe3 49. Qg6 Kf8 50. h5 Qf2 51. Qg4 Qf6 52.
Qe4 Kg7 53. Bf3 Kh6 54. Kg2 Qg5 55. Bg4 Qd2+ 56. Kh3 Qg5 57. Qc2 Qf6 58. Qc1+
Qg5 59. Qc8 Qf6 60. Kg2 Bd4 61. Bf3 Be5 62. Qe8 Qg5 63. Qe6+ Qf6 64. Qc8 Qg5
65. Qe6+ Qf6 66. g4 Qxe6 67. dxe6 Bf6 68. Bd5 Bg5 69. Kf3 Kg7 70. Ke4 Kf6 71.
Kd4 Bd2 72. Kd3 Bh6 73. Ke4 Bd2 74. Bb3 Bh6 75. e7 Kxe7 76. Kf5 Kf8 77. Kg6 Bd2
78. Bd5 Be3 79. g5 Bxg5 1/2-1/2

[Event "Frauen Europameisterschaft"]
[Site "Dresden"]
[Date "2004.03.24"]
[Round "4.4"]
[White "Arakhamia-Grant, K."]
[Black "Pogonina, N."]
[Result "1/2-1/2"]
[WhiteElo "2435"]
[BlackElo "2382"]
[PlyCount "127"]
[EventDate "2004.03.20"]

1. e4 c5 2. Nf3 d6 3. d4 cxd4 4. Nxd4 Nf6 5. Nc3 g6 6. Be3 Bg7 7. f3 O-O 8. Qd2
Nc6 9. O-O-O Nxd4 10. Bxd4 Be6 11. Kb1 Qc7 12. h4 Rfc8 13. h5 Qa5 14. hxg6 fxg6
15. a3 Rab8 16. Bxf6 Bxf6 17. Nd5 Qxd2 18. Nxf6+ exf6 19. Rxd2 Rc6 20. Bb5 Rb6
21. Be2 Rd8 22. f4 Rd7 23. Rhd1 Kf8 24. b4 a6 25. Kb2 Ke7 26. g4 Rc6 27. a4
Rdc7 28. Rh1 Bg8 29. Rh3 Rc8 30. c3 R8c7 31. Rd4 g5 32. f5 Rc8 33. Bd1 Kf8 34.
Bb3 Bxb3 35. Kxb3 R8c7 36. c4 Re7 37. b5 axb5 38. axb5 Rc5 39. Rxd6 Kg7 40. Rd4
Rce5 41. Re3 h5 42. gxh5 Kh6 43. Rd6 Rf7 44. Kb4 Kxh5 45. c5 Kg4 46. Re1 Kf4
47. c6 bxc6 48. bxc6 g4 49. Re6 g3 50. Rxe5 Kxe5 51. Kc5 Ra7 52. Kb6 Ra2 53. c7
Rb2+ 54. Kc6 Rc2+ 55. Kd7 Rd2+ 56. Kc6 Rc2+ 57. Kb7 Rb2+ 58. Kc8 Rc2 59. Kd7
Rd2+ 60. Ke7 Rc2 61. Kd7 Rd2+ 62. Kc8 Rc2 63. Kb7 Rb2+ 64. Kc6 1/2-1/2

[Event "Frauen Europameisterschaft"]
[Site "Dresden"]
[Date "2004.03.24"]
[Round "4.6"]
[White "Danielian, E."]
[Black "Bosboom-Lanchava, T."]
[Result "1-0"]
[WhiteElo "2428"]
[BlackElo "2323"]
[PlyCount "143"]
[EventDate "2004.03.20"]

1. d4 f5 2. Bg5 h6 3. Bh4 g5 4. Bg3 Nf6 5. e3 d6 6. h4 g4 7. Bd3 Nc6 8. c3 Bd7
9. Qc2 Qc8 10. Nd2 Nh5 11. Ne2 e5 12. f3 Rg8 13. Rg1 Be7 14. O-O-O Bf6 15. Rdf1
Ne7 16. dxe5 dxe5 17. Nc4 Nxg3 18. Nxg3 b5 19. Na3 gxf3 20. gxf3 Qb7 21. Nxf5
Rxg1 22. Rxg1 Bxf5 23. Bxf5 Qxf3 24. Bg6+ Nxg6 25. Qxg6+ Ke7 26. Nxb5 Qxe3+ 27.
Kb1 Rf8 28. Nxc7 Qc5 29. Na6 Qd6 30. Nb4 Bxh4 31. Qe4 Bg5 32. Nc6+ Kf6 33. Nxe5
Kg7 34. a3 Re8 35. Re1 Re7 36. c4 Qf6 37. Qd5 Qf2 38. Re4 Qf5 39. Ka2 Bf4 40.
Rxf4 Qxf4 41. Nc6 Rc7 42. Nd4 Kh7 43. Kb3 Qf7 44. Qe4+ Qg6 45. Qd5 Qf7 46. Qe4+
Kg8 47. Nf5 Rb7+ 48. Ka2 Rb6 49. Ne7+ Kf8 50. Qa8+ Kg7 51. Qg2+ Kh8 52. Qa8+
Kh7 53. Qe4+ Kg7 54. Qg2+ Kf8 55. Qa8+ Qe8 56. Qxa7 Re6 57. Nf5 Qg6 58. Qb8+
Kf7 59. Qc7+ Kf6 60. Nd4 Re7 61. Qf4+ Kg7 62. Nf5+ Kf8 63. Nxe7+ Kxe7 64. Qc7+
Ke8 65. a4 h5 66. a5 Qe6 67. Qb8+ Ke7 68. Qb7+ Ke8 69. Qb5+ Ke7 70. a6 h4 71.
a7 Qc8 72. Qe5+ 1-0

[Event "Frauen Europameisterschaft"]
[Site "Dresden"]
[Date "2004.03.24"]
[Round "4.7"]
[White "Kosintseva, N."]
[Black "Muzychuk, A."]
[Result "1-0"]
[WhiteElo "2425"]
[BlackElo "2367"]
[PlyCount "111"]
[EventDate "2004.03.20"]

1. e4 c5 2. Nf3 e6 3. Nc3 a6 4. g3 d5 5. Bg2 Nf6 6. Qe2 Be7 7. O-O Nc6 8. d3
O-O 9. a4 b6 10. Bf4 h6 11. Rad1 Bb7 12. e5 Nd7 13. h4 Rc8 14. Bh3 Nd4 15. Nxd4
cxd4 16. Nb1 Bc6 17. b3 Bb7 18. Rc1 b5 19. axb5 axb5 20. Qh5 Bb4 21. Nd2 Qe7
22. Nf3 Bc3 23. Qg4 Kh7 24. Kg2 Rc6 25. Qh5 Kg8 26. Nh2 f5 27. exf6 Nxf6 28.
Qe2 Nd7 29. Nf3 Rfc8 30. Ne5 Nxe5 31. Qxe5 Kf7 32. Qh5+ Kg8 33. Qe5 Kf7 34.
Qh5+ Kg8 35. Be5 Qf7 36. Qg4 Kh7 37. h5 b4 38. Rb1 Rf8 39. f4 Bd2 40. Rf2 Be3
41. Re2 Rfc8 42. Rb2 Kg8 43. Ra2 Ra8 44. Rxa8+ Bxa8 45. Qf3 Bb7 46. f5 exf5 47.
Bxf5 Ra6 48. Qg4 Kf8 49. Bg6 Qe7 50. Bxd4 Re6 51. Rxe3 Rxe3 52. Qf4+ Kg8 53.
Qb8+ Qf8 54. Bh7+ Kf7 55. Qxb7+ Qe7 56. Bg6+ 1-0

[Event "Frauen Europameisterschaft"]
[Site "Dresden"]
[Date "2004.03.24"]
[Round "4.11"]
[White "Zaiatz, E."]
[Black "Kovalevskaya, E."]
[Result "1-0"]
[WhiteElo "2333"]
[BlackElo "2451"]
[PlyCount "51"]
[EventDate "2004.03.20"]

1. d4 Nf6 2. c4 g6 3. Nc3 Bg7 4. e4 d6 5. Be2 O-O 6. Bg5 c5 7. d5 a6 8. a4 h6
9. Bf4 Qa5 10. Bd2 Qc7 11. Qc1 Kh7 12. h4 h5 13. f3 Nbd7 14. g4 hxg4 15. h5
gxh5 16. fxg4 Ne5 17. g5 Nfg4 18. Qc2 Kg8 19. Nh3 Bd7 20. Nf4 b5 21. Nxh5 bxc4
22. Nd1 Rfb8 23. Bc3 Rb3 24. Nxg7 Kxg7 25. Bxg4 Bxg4 26. Qh2 1-0

[Event "Frauen Europameisterschaft"]
[Site "Dresden"]
[Date "2004.03.24"]
[Round "4.12"]
[White "Kosintseva, T."]
[Black "Levushkina, E."]
[Result "1-0"]
[WhiteElo "2447"]
[BlackElo "2303"]
[PlyCount "75"]
[EventDate "2004.03.20"]

1. e4 e5 2. Nf3 Nf6 3. Nxe5 d6 4. Nf3 Nxe4 5. Nc3 Nxc3 6. dxc3 Be7 7. Bf4 O-O
8. Qd2 Nd7 9. O-O-O Nc5 10. Bc4 Rb8 11. h4 Bf6 12. Nd4 Bd7 13. f3 a5 14. g4 b5
15. Bd5 b4 16. c4 a4 17. Kb1 Qc8 18. g5 Bxd4 19. Qxd4 b3 20. cxb3 Bf5+ 21. Ka1
Rxb3 22. h5 a3 23. Rh2 axb2+ 24. Rxb2 Rxb2 25. Qxb2 Na4 26. Qd4 c5 27. Qd2 Be6
28. Bxd6 Rd8 29. Be5 Bxd5 30. cxd5 Qf5 31. f4 Nb6 32. Qa5 Qc2 33. Rb1 f6 34.
Qxb6 Ra8 35. Qb2 Qe4 36. gxf6 gxf6 37. Qg2+ Kf7 38. Rb7+ 1-0

[Event "Frauen Europameisterschaft"]
[Site "Dresden"]
[Date "2004.03.24"]
[Round "4.13"]
[White "Lagvilava, G."]
[Black "Radziewicz, I."]
[Result "1-0"]
[WhiteElo "2302"]
[BlackElo "2442"]
[PlyCount "123"]
[EventDate "2004.03.20"]

1. e4 c5 2. Nc3 g6 3. g3 Bg7 4. Bg2 Nc6 5. d3 d6 6. f4 e5 7. Nh3 exf4 8. Bxf4
Nge7 9. O-O Nd4 10. Qd2 h6 11. Be3 g5 12. Nd5 Nxd5 13. exd5 O-O 14. c3 Nf5 15.
Bf2 Ne7 16. Be3 Ng6 17. d4 b6 18. Nf2 f5 19. Nd3 Ba6 20. Rae1 Qd7 21. Bf2 cxd4
22. cxd4 Rae8 23. Re6 Bxd3 24. Rxe8 Bxf1 25. Rxf8+ Nxf8 26. Bxf1 Qc8 27. Bd3
Bf6 28. Qc2 Qxc2 29. Bxc2 f4 30. gxf4 gxf4 31. Kg2 h5 32. Kf3 Bg5 33. Ke4 Kg7
34. Kf5 Kh6 35. Bd1 Ng6 36. Ke6 Be7 37. Bc2 Bh4 38. Bxh4 Nxh4 39. Kxd6 Nf3 40.
Ke7 Nxd4 41. d6 f3 42. Be4 f2 43. Bg2 Nc6+ 44. Ke8 Kg5 45. d7 Kf4 46. Bxc6 f1=Q
47. d8=Q Qe2+ 48. Qe7 Qxb2 49. Qh4+ Ke3 50. Qe4+ Kd2 51. Qg2+ Kc1 52. Qf1+ Kd2
53. Qf2+ Kc3 54. Qf6+ Kc2 55. Be4+ Kc1 56. Qf1+ Kd2 57. Qf4+ Ke1 58. Qe3+ Kf1
59. Bd3+ Kg2 60. Qg3+ Kh1 61. Be4+ Qg2 62. Qxg2# 1-0

[Event "Frauen Europameisterschaft"]
[Site "Dresden"]
[Date "2004.03.24"]
[Round "4.14"]
[White "Peptan, C."]
[Black "Krivec, J."]
[Result "1-0"]
[WhiteElo "2439"]
[BlackElo "2301"]
[PlyCount "79"]
[EventDate "2004.03.20"]

1. e4 e5 2. Nf3 Nc6 3. Bb5 a6 4. Ba4 Nf6 5. O-O Be7 6. Re1 b5 7. Bb3 d6 8. c3
O-O 9. a3 Na5 10. Bc2 c5 11. d4 Qc7 12. Nbd2 cxd4 13. cxd4 Bg4 14. h3 Bh5 15.
d5 Nd7 16. g4 Bg6 17. Nf1 Rac8 18. Re2 Qd8 19. Ng3 h6 20. Kg2 Bg5 21. Nxg5 hxg5
22. a4 b4 23. Bd2 Nc4 24. Bxb4 Nxb2 25. Qb1 Nc4 26. Bd3 a5 27. Bxc4 axb4 28.
Qxb4 Nc5 29. a5 Ra8 30. a6 Qc7 31. Qa5 Rfc8 32. Qxc7 Rxc7 33. f3 f6 34. Rb2
Nxe4 35. a7 Rcxa7 36. Rxa7 Rxa7 37. fxe4 Ra4 38. Bd3 Ra3 39. Bb5 Re3 40. Re2
1-0

[Event "Frauen Europameisterschaft"]
[Site "Dresden"]
[Date "2004.03.24"]
[Round "4.15"]
[White "Sudakova, I."]
[Black "Alexandrova, O."]
[Result "1-0"]
[WhiteElo "2310"]
[BlackElo "2437"]
[PlyCount "67"]
[EventDate "2004.03.20"]

1. e4 e6 2. d4 d5 3. Nd2 dxe4 4. Nxe4 Nd7 5. Nf3 Ngf6 6. Bd3 Nxe4 7. Bxe4 Nf6
8. Bd3 c5 9. O-O cxd4 10. Nxd4 Bc5 11. Nb3 Bd6 12. Bg5 Qc7 13. h3 Bd7 14. c4
Bh2+ 15. Kh1 Bf4 16. Bxf4 Qxf4 17. Qc1 Qh4 18. Qe3 O-O 19. Nd4 Qh5 20. Nf3 Qa5
21. Ne5 Rfd8 22. a3 Qc7 23. Be2 Bc6 24. Nxc6 Qxc6 25. Rfd1 Qe4 26. Bf3 Qxc4 27.
Rxd8+ Rxd8 28. Qxa7 b5 29. Qb6 Rc8 30. Rd1 h6 31. Qd4 Qc2 32. Rd2 Qb1+ 33. Kh2
Rc2 34. Qd8+ 1-0

[Event "Frauen Europameisterschaft"]
[Site "Dresden"]
[Date "2004.03.24"]
[Round "4.16"]
[White "Dragomirescu, A."]
[Black "Gaponenko, I."]
[Result "0-1"]
[WhiteElo "2288"]
[BlackElo "2430"]
[PlyCount "153"]
[EventDate "2004.03.20"]

1. d4 Nf6 2. c4 g6 3. Nc3 Bg7 4. e4 d6 5. Bd3 O-O 6. Nge2 Nc6 7. O-O Nh5 8. Bc2
e5 9. d5 Ne7 10. a4 f5 11. exf5 gxf5 12. Ng3 Nf4 13. Nh5 Nxh5 14. Qxh5 Ng6 15.
f4 Qe7 16. Ne2 Bd7 17. Ra3 Qh4 18. Qxh4 Nxh4 19. Rd3 Rae8 20. Rdd1 Ng6 21. g3
a5 22. b3 Rf7 23. fxe5 dxe5 24. Ba3 b6 25. Nc3 e4 26. Ne2 f4 27. Nxf4 Nxf4 28.
Rxf4 Rxf4 29. gxf4 e3 30. Re1 Bc3 31. Re2 Bg4 32. Bd3 Bxe2 33. Bxe2 Re4 34. d6
cxd6 35. Bxd6 Rd4 36. c5 Rd2 37. Kf1 bxc5 38. Bxc5 Bd4 39. Bd6 Rc2 40. Be7 Kf7
41. Bd8 Rb2 42. Bxa5 Rxb3 43. Kg2 Ra3 44. Bb5 Ra2+ 45. Kg3 Rc2 46. Bd3 Rb2 47.
Be1 Ra2 48. a5 Ra3 49. Be2 Kf6 50. Kf3 Ke6 51. a6 Kd5 52. h3 Ra1 53. Bg3 Rh1
54. Kg2 Rc1 55. Kf3 Rc6 56. Bb5 Rh6 57. Bf1 Ba7 58. h4 Kd4 59. Be1 Rb6 60. Be2
Rb1 61. Ba5 Ra1 62. Bd8 Rc1 63. Bf6+ Kd5 64. Be5 Rh1 65. Kg3 Rg1+ 66. Kf3 Rc1
67. h5 Rh1 68. Kg2 Re1 69. Kf3 Rc1 70. Bb2 Rh1 71. Kg2 Rb1 72. Bf6 Ke6 73. Bg7
Kf7 74. Be5 Re1 75. Kf3 Rc1 76. Kg3 Rc2 77. Bd1 0-1

[Event "Frauen Europameisterschaft"]
[Site "Dresden"]
[Date "2004.03.24"]
[Round "4.17"]
[White "Calzetta Ruiz, M."]
[Black "Socko, M."]
[Result "1/2-1/2"]
[WhiteElo "2291"]
[BlackElo "2415"]
[PlyCount "62"]
[EventDate "2004.03.20"]

1. e4 g6 2. d4 d6 3. Nc3 Bg7 4. Be3 a6 5. Nf3 Nd7 6. Bd3 c5 7. a4 cxd4 8. Bxd4
Ngf6 9. O-O O-O 10. a5 Nc5 11. e5 Nh5 12. Bc4 Be6 13. Bd5 Nf4 14. exd6 Qxd6 15.
Bxg7 Kxg7 16. Qd4+ f6 17. Bxe6 Qxd4 18. Nxd4 Ncxe6 19. Nxe6+ Nxe6 20. Rfe1 Kf7
21. Nd5 Rac8 22. c3 Rfd8 23. Nb6 Rc5 24. Kf1 Rd2 25. Red1 Rxb2 26. Na4 Rc2 27.
Nxc5 Nxc5 28. Rdc1 Rd2 29. Rd1 Rc2 30. Rdc1 Rd2 31. Rd1 Rc2 1/2-1/2

[Event "Frauen Europameisterschaft"]
[Site "Dresden"]
[Date "2004.03.24"]
[Round "4.18"]
[White "Zielinska, M."]
[Black "Calotescu, A."]
[Result "1-0"]
[WhiteElo "2414"]
[BlackElo "2290"]
[PlyCount "78"]
[EventDate "2004.03.20"]

1. b3 e5 2. Bb2 Nc6 3. e3 d6 4. Ne2 g6 5. g3 Bg7 6. Bg2 f5 7. d3 Nf6 8. Nd2 O-O
9. a3 Be6 10. b4 Qd7 11. c4 Rae8 12. Qc2 Nh5 13. h3 Qf7 14. O-O-O Nb8 15. Rhf1
c5 16. bxc5 dxc5 17. Nf3 Bd7 18. Nc3 h6 19. Nb5 Bxb5 20. cxb5 Nd7 21. Nd2 Nb6
22. Kb1 Qe7 23. g4 Nf6 24. Nc4 Nxc4 25. Qxc4+ Kh8 26. gxf5 gxf5 27. Rg1 Nd7 28.
Qd5 b6 29. Bf3 Nf6 30. Qc4 Rd8 31. Rg6 Rd6 32. Qh4 Rf7 33. Rdg1 Ne8 34. Qh5
Rxg6 35. Rxg6 Nc7 36. Bd1 Rf6 37. Rxf6 Qxf6 38. Bb3 Kh7 39. f4 Qg6 1-0

[Event "Frauen Europameisterschaft"]
[Site "Dresden"]
[Date "2004.03.24"]
[Round "4.19"]
[White "Smokina, K."]
[Black "Slavina, I."]
[Result "0-1"]
[WhiteElo "2278"]
[BlackElo "2413"]
[PlyCount "70"]
[EventDate "2004.03.20"]

1. c4 f5 2. g3 Nf6 3. Bg2 g6 4. Nc3 d6 5. e3 Bg7 6. Nge2 O-O 7. O-O e5 8. d3 c6
9. Rb1 Be6 10. b3 d5 11. Ba3 Re8 12. cxd5 Nxd5 13. Na4 Nd7 14. Qd2 a5 15. Rbc1
Bf8 16. Bxf8 Rxf8 17. d4 e4 18. Nc5 Nxc5 19. Rxc5 Qb6 20. Nf4 Nxf4 21. gxf4 Qb4
22. Rd1 Rfd8 23. Qxb4 axb4 24. Rd2 Bd5 25. Bf1 b6 26. Rcc2 b5 27. h4 Kf7 28.
Be2 h6 29. Kh2 g5 30. fxg5 hxg5 31. hxg5 Rg8 32. Kg1 Rxg5+ 33. Kf1 Rh8 34. Bd1
Rh1+ 35. Ke2 Rgg1 0-1

[Event "Frauen Europameisterschaft"]
[Site "Dresden"]
[Date "2004.03.24"]
[Round "4.20"]
[White "Khurtsidze, N."]
[Black "Malysheva, P."]
[Result "0-1"]
[WhiteElo "2411"]
[BlackElo "2281"]
[PlyCount "68"]
[EventDate "2004.03.20"]

1. d4 d5 2. Nf3 e6 3. e3 c5 4. b3 Nc6 5. Bd3 Nf6 6. O-O Rb8 7. Ba3 b5 8. Bxc5
Bxc5 9. dxc5 Qe7 10. Nd4 Qxc5 11. a4 a6 12. axb5 axb5 13. c3 b4 14. Qd2 Nxd4
15. exd4 Qb6 16. Rc1 O-O 17. Qf4 Bd7 18. Nd2 Ra8 19. c4 dxc4 20. Nxc4 Qb8 21.
Ne5 Rxa1 22. Rxa1 Bb5 23. Rd1 Bxd3 24. Rxd3 Qc7 25. h4 Nd5 26. Qf3 h5 27. g3 g6
28. Qe4 Qc1+ 29. Kg2 Ra8 30. Nxf7 Ra1 31. Qxg6+ Kf8 32. Rd1 Qxd1 33. Nh6 Ke7
34. Qg5+ Nf6 0-1

[Event "Frauen Europameisterschaft"]
[Site "Dresden"]
[Date "2004.03.24"]
[Round "4.21"]
[White "Ciuksyte, D."]
[Black "Chasovnikova, E."]
[Result "1-0"]
[WhiteElo "2392"]
[BlackElo "2277"]
[PlyCount "105"]
[EventDate "2004.03.20"]

1. e4 c6 2. d4 d5 3. Nd2 dxe4 4. Nxe4 Bf5 5. Ng3 Bg6 6. Bc4 e6 7. N1e2 Bd6 8.
h4 h6 9. Nf4 Bxf4 10. Bxf4 Nf6 11. Qe2 O-O 12. O-O-O Nbd7 13. h5 Bh7 14. f3 Nd5
15. Bd2 c5 16. dxc5 Nxc5 17. Ne4 Rc8 18. Bb4 Nxe4 19. fxe4 Qg5+ 20. Bd2 Qe5 21.
Rh4 Nb6 22. Bb3 a5 23. a3 a4 24. Ba2 f5 25. Bb4 Rfd8 26. Bc3 Qg3 27. Bxe6+ Kh8
28. Rh3 Qf4+ 29. Bd2 Qg4 30. Qxg4 fxg4 31. Bxc8 gxh3 32. Bxh3 Bxe4 33. Re1 Re8
34. Bf5 Bc6 35. Rxe8+ Bxe8 36. Be4 Bc6 37. Bxc6 bxc6 38. b3 g6 39. Be3 Nd5 40.
Bd4+ Kh7 41. g4 gxh5 42. gxh5 axb3 43. cxb3 Kg8 44. Kd2 Kf7 45. Kd3 Nf4+ 46.
Kc4 Ke6 47. Kc5 Kd7 48. Be5 Nd3+ 49. Kd4 Nc1 50. b4 Ne2+ 51. Kd3 Nc1+ 52. Kd2
Nb3+ 53. Kc2 1-0

[Event "Frauen Europameisterschaft"]
[Site "Dresden"]
[Date "2004.03.24"]
[Round "4.22"]
[White "Tsiganova, M."]
[Black "Stepovaia, T."]
[Result "0-1"]
[WhiteElo "2269"]
[BlackElo "2374"]
[PlyCount "68"]
[EventDate "2004.03.20"]

1. d4 f5 2. g3 Nf6 3. Bg2 e6 4. c4 Be7 5. Nc3 O-O 6. Nf3 d6 7. O-O Qe8 8. Qc2
Nc6 9. d5 exd5 10. cxd5 Nb4 11. Qb3 a5 12. Be3 Ng4 13. Bd4 Bf6 14. Bxf6 Rxf6
15. a3 Na6 16. Qc4 Bd7 17. b4 Ne5 18. Nxe5 Qxe5 19. e3 Raf8 20. Rfe1 Qe8 21.
Rad1 R6f7 22. Rd4 Re7 23. Rc1 Rxe3 24. Rdd1 Re7 25. Qd4 axb4 26. axb4 f4 27.
Ra1 fxg3 28. hxg3 Bf5 29. Rdc1 Nb8 30. Qa7 b6 31. Qa2 Nd7 32. Nb5 Re2 33. Qb3
Rxf2 34. Nxc7 Rxg2+ 0-1

[Event "Frauen Europameisterschaft"]
[Site "Dresden"]
[Date "2004.03.24"]
[Round "4.23"]
[White "Dworakowska, J."]
[Black "Makropoulou, M."]
[Result "1-0"]
[WhiteElo "2370"]
[BlackElo "2266"]
[PlyCount "125"]
[EventDate "2004.03.20"]

1. e4 d5 2. exd5 Qxd5 3. Nc3 Qa5 4. d4 c6 5. Nf3 Nf6 6. Bd2 Bf5 7. Ne4 Qb6 8.
Nxf6+ gxf6 9. Bc3 e6 10. Qd2 a5 11. g3 h5 12. Bg2 Bh6 13. Qd1 Be4 14. O-O Nd7
15. Re1 Bd5 16. b3 a4 17. Bb2 a3 18. Bc1 Bxc1 19. Rxc1 Bxf3 20. Bxf3 h4 21. c4
O-O-O 22. c5 Qc7 23. b4 hxg3 24. fxg3 f5 25. Rc3 f4 26. Bg2 fxg3 27. hxg3 Rhg8
28. Ree3 Nf6 29. Rxa3 Ng4 30. Re4 Nh6 31. Qh5 Rg6 32. Ra8+ Kd7 33. Rxd8+ Kxd8
34. Qh4+ Kc8 35. g4 Qd7 36. g5 Nf5 37. Qh8+ Qd8 38. Qxd8+ Kxd8 39. Kf2 Rxg5 40.
a4 Kd7 41. Rf4 Rg7 42. b5 Ne7 43. Rh4 Nf5 44. Rf4 Ne7 45. b6 f5 46. Rh4 Rg8 47.
Bf3 e5 48. dxe5 Ke6 49. Rh7 Rb8 50. Ke3 Re8 51. a5 Ra8 52. Be2 Rxa5 53. Bc4+
Nd5+ 54. Kd4 Ra1 55. Bxd5+ cxd5 56. Rxb7 Rd1+ 57. Ke3 d4+ 58. Ke2 Rc1 59. Rc7
Kxe5 60. b7 Rb1 61. c6 Ke4 62. Re7+ Kd5 63. Re8 1-0

[Event "Frauen Europameisterschaft"]
[Site "Dresden"]
[Date "2004.03.24"]
[Round "4.24"]
[White "Aginian, N."]
[Black "Houska, J."]
[Result "0-1"]
[WhiteElo "2189"]
[BlackElo "2370"]
[PlyCount "148"]
[EventDate "2004.03.20"]

1. e4 e5 2. Nf3 Nc6 3. Bb5 a6 4. Ba4 Nf6 5. O-O b5 6. Bb3 Bc5 7. d3 d6 8. a4
Rb8 9. c3 O-O 10. h3 h6 11. d4 Bb6 12. axb5 axb5 13. Re1 Bd7 14. Na3 Re8 15.
Nxb5 exd4 16. Nbxd4 Nxe4 17. Bd5 Nxd4 18. Bxe4 Nb3 19. Ra3 Nxc1 20. Qxc1 Qf6
21. b4 c6 22. c4 Re7 23. c5 dxc5 24. bxc5 Bc7 25. Qa1 Qxa1 26. Raxa1 Rbe8 27.
Bd3 g5 28. Rxe7 Rxe7 29. Nd4 Be5 30. Ra8+ Kg7 31. Nf5+ Bxf5 32. Bxf5 Bd4 33.
Ra2 Re1+ 34. Kh2 Bxc5 35. Rc2 Bd6+ 36. g3 c5 37. Kg2 Kf6 38. Bd3 Ke5 39. Kf3
Rd1 40. Bc4 Kf6 41. Ke2 Rh1 42. Kf3 Be5 43. Ra2 Rd1 44. Ra7 Rd4 45. Rxf7+ Kg6
46. Re7 Bxg3 47. fxg3 Rxc4 48. Re6+ Kg7 49. Rc6 h5 50. Rc7+ Kf6 51. Rc6+ Kf5
52. Rh6 g4+ 53. hxg4+ hxg4+ 54. Ke2 Rc3 55. Rc6 Ke4 56. Kd2 Kd4 57. Rf6 Rxg3
58. Rf4+ Ke5 59. Rf8 Ra3 60. Ke2 c4 61. Rc8 Kd4 62. Rd8+ Ke4 63. Re8+ Kf4 64.
Rf8+ Kg3 65. Rc8 c3 66. Rc4 Ra2+ 67. Ke3 Rf2 68. Kd3 Rf4 69. Rc8 Rf3+ 70. Ke2
Kg2 71. Rc4 g3 72. Rc6 c2 73. Kd2 Rf2+ 74. Ke3 Kf1 0-1

[Event "Frauen Europameisterschaft"]
[Site "Dresden"]
[Date "2004.03.24"]
[Round "4.25"]
[White "Foisor, C."]
[Black "Richards, H."]
[Result "1-0"]
[WhiteElo "2404"]
[BlackElo "2236"]
[PlyCount "105"]
[EventDate "2004.03.20"]

1. c4 c5 2. g3 g6 3. Bg2 Bg7 4. Nc3 Nc6 5. d3 e6 6. e4 Nge7 7. Nge2 a6 8. O-O
O-O 9. Be3 Nd4 10. Qd2 Nec6 11. f4 d6 12. Bf2 Rb8 13. Rad1 Qa5 14. b3 b5 15.
Nxd4 cxd4 16. Ne2 Qxd2 17. Rxd2 e5 18. Rc1 bxc4 19. Rxc4 Bd7 20. Be1 Bf6 21.
Rdc2 Rfc8 22. Bd2 Bd8 23. Kf2 a5 24. Nc1 Bb6 25. Ke1 f6 26. Bf3 Bc5 27. Rb2 Be6
28. Rcc2 Ba3 29. Rb1 Kg7 30. f5 Bf7 31. g4 a4 32. Bd1 gxf5 33. gxf5 d5 34. b4
dxe4 35. dxe4 Nxb4 36. Rxc8 Rxc8 37. Bxa4 Bxc1 38. Bxb4 Bxa2 39. Ra1 Bf7 40.
Bd7 Rc7 41. Be6 Be3 42. Ke2 Bh5+ 43. Kd3 Be8 44. Bc4 Bc6 45. Bc5 Bxe4+ 46. Kxe4
Rxc5 47. Ra7+ Kh6 48. Bg8 Kg5 49. Rxh7 Kg4 50. Bf7 Rc1 51. Bh5+ Kg5 52. Bf3 Bf2
53. Rh5# 1-0

[Event "Frauen Europameisterschaft"]
[Site "Dresden"]
[Date "2004.03.24"]
[Round "4.26"]
[White "Bensdorp, M."]
[Black "Zhukova, N."]
[Result "1/2-1/2"]
[WhiteElo "2161"]
[BlackElo "2462"]
[PlyCount "78"]
[EventDate "2004.03.20"]

1. d4 d5 2. c4 e6 3. Nc3 c5 4. cxd5 exd5 5. Nf3 Nc6 6. g3 Nf6 7. Bg2 Be7 8. O-O
O-O 9. Bg5 c4 10. Ne5 Be6 11. Rc1 h6 12. Bxf6 Bxf6 13. Nxc6 bxc6 14. b3 cxb3
15. axb3 h5 16. Na4 Qd6 17. e3 h4 18. Rc3 Bf5 19. Qe2 Rfb8 20. Rfc1 Bd7 21. Nc5
Be8 22. Bh3 Rb5 23. Bf5 g6 24. Bd3 Rb4 25. Qa2 Bg5 26. Ra1 Bf6 27. Rac1 Bg5 28.
Ra1 hxg3 29. hxg3 Kg7 30. Kg2 Bd7 31. Rh1 Rbb8 32. Rcc1 Re8 33. Rh2 Rh8 34.
Rch1 Rxh2+ 35. Rxh2 Bg4 36. Be2 Bf5 37. Bd3 Bg4 38. Be2 Bf5 39. Bd3 Bg4 1/2-1/2

[Event "Frauen Europameisterschaft"]
[Site "Dresden"]
[Date "2004.03.24"]
[Round "4.27"]
[White "Shaidullina, S."]
[Black "Makka, I."]
[Result "0-1"]
[WhiteElo "2316"]
[BlackElo "2205"]
[PlyCount "156"]
[EventDate "2004.03.20"]

1. d4 d5 2. Nf3 Nf6 3. c4 e6 4. Nc3 Be7 5. cxd5 exd5 6. Bg5 c6 7. Qc2 g6 8. e3
Bf5 9. Bd3 Bxd3 10. Qxd3 Nbd7 11. O-O O-O 12. h3 Ne4 13. Bh6 Re8 14. Nxe4 Bf8
15. Nf6+ Qxf6 16. Bxf8 Kxf8 17. b4 a6 18. a4 b5 19. Ra3 Nb6 20. Ne5 Qd6 21.
axb5 axb5 22. Rfa1 Rxa3 23. Rxa3 Nc4 24. Nxc4 bxc4 25. Qc3 Rb8 26. Ra4 Qe7 27.
Kf1 Qb7 28. Ke1 Qb5 29. Qc2 Qb7 30. Kd2 Ra8 31. Kc3 Qc8 32. Ra5 Rb8 33. g4 Qb7
34. Qa4 Qe7 35. Rc5 Qe4 36. Qc2 Qh1 37. Kd2 Qg2 38. Qd1 Qxf2+ 39. Qe2 Qf6 40.
Kc3 Qe7 41. Qd2 Qb7 42. Qb2 Re8 43. Qd2 Ra8 44. Qb2 Qe7 45. Kd2 Qe4 46. Ra5
Qd3+ 47. Kc1 Qxe3+ 48. Qd2 Qxd2+ 49. Kxd2 Rb8 50. Kc3 Re8 51. Rc5 Re3+ 52. Kc2
Re6 53. g5 Ke7 54. b5 cxb5 55. Rxb5 Rd6 56. Rb8 Ke6 57. Rh8 Kf5 58. Rxh7 Rd7
59. h4 Re7 60. Kd2 Ra7 61. Kc3 Ke4 62. h5 gxh5 63. Rxh5 Ra3+ 64. Kb2 Rb3+ 65.
Kc2 Kxd4 66. Rh7 Rf3 67. Kd2 Rf2+ 68. Ke1 Rf4 69. Rh3 Ke4 70. Rh8 d4 71. Rf8
Kd3 72. Rh8 c3 73. Rh3+ Kc4 74. Ke2 Re4+ 75. Kd1 d3 76. Rh1 c2+ 77. Kd2 Re2+
78. Kc1 Kc3 0-1